[Event "HUN-chT2 Barcza 1718"]
[Site "Hungary"]
[Date "2017.10.29"]
[Round "3.3"]
[White "Hidegh, Gabor"]
[Black "Toth, Tamas3333"]
[Result "1/2-1/2"]
[WhiteElo "2122"]
[BlackElo "1947"]
[PlyCount "129"]
[EventDate "2017.09.24"]
[EventType "team-tourn"]
[EventRounds "11"]
[EventCountry "HUN"]
[SourceTitle "EXT 2021"]
[Source "ChessBase"]
[SourceDate "2020.10.23"]
[SourceVersion "1"]
[SourceVersionDate "2020.10.23"]
[SourceQuality "1"]
[WhiteTeam "Bajnok Sakkiskola"]
[BlackTeam "Hajduboszormeny"]
[WhiteTeamCountry "HUN"]
[BlackTeamCountry "HUN"]

1. d4 d5 2. Nf3 Nf6 3. Bf4 c5 4. c3 Nc6 5. e3 Qb6 6. Qb3 c4 7. Qc2 Bf5 8. Qc1 e6 9. h3 Be7 10. Nbd2 h6 11. Be2 Qd8 12. 0-0 b5 13. Re1 b4 14. Bd1 Qa5 15. Bc2 Bxc2 16. Qxc2 0-0 17. e4 Qb5 18. exd5 Nxd5 19. Bh2 Rac8 20. Ne5 Nxe5 21. Bxe5 Rc6 22. Nf1 Bd6 23. Bxd6 Rxd6 24. Ne3 Nf4 25. cxb4 Rxd4 26. Red1 Rfd8 27. Rxd4 Rxd4 28. a3 Qg5 29. Kh2 Nd5 30. Re1 Qe5+ 31. Kg1 Re4 32. Rd1 Nxe3 33. fxe3 f5 34. a4 Qg3 35. b5 Qxe3+ 36. Kh1 Qc5 37. Qc3 Re3 38. b4 Qd5 39. Rxd5 Rxc3 40. Rd8+ Kh7 41. Rc8 Rc1+ 42. Kh2 c3 43. a5 c2 44. b6 axb6 45. axb6 Rb1 46. Rxc2 Rxb4 47. Rc6 e5 48. Rc5 Rxb6 49. Rxe5 Kg6 50. Re7 Kf6 51. Ra7 g5 52. Ra5 Kg6 53. Rc5 f4 54. Ra5 Kh5 55. Rc5 Kh4 56. Rc4 Rb2 57. Rc6 h5 58. Rf6 Rb4 59. Rf8 g4 60. Rxf4 Rxf4 61. g3+ Kg5 62. gxf4+ Kxf4 63. hxg4 hxg4 64. Kg2 g3 65. Kg1 1/2-1/2

[Event "HUN-chT2 Barcza 1516"]
[Site "Hungary"]
[Date "2015.10.18"]
[Round "3.5"]
[White "Hidegh, Gabor"]
[Black "Pribelszky, Bence"]
[Result "1-0"]
[WhiteElo "2133"]
[BlackElo "2064"]
[PlyCount "65"]
[EventDate "2015.09.13"]
[EventType "team-tourn"]
[EventRounds "11"]
[EventCountry "HUN"]
[SourceTitle "CBM 170 Extra"]
[Source "ChessBase"]
[SourceDate "2016.02.25"]
[SourceVersion "1"]
[SourceVersionDate "2016.02.25"]
[SourceQuality "1"]
[WhiteTeam "Edeleny"]
[BlackTeam "Miskolc KisBocsok"]
[WhiteTeamCountry "HUN"]
[BlackTeamCountry "HUN"]

1. d4 Nf6 2. Nf3 e6 3. Bf4 c5 4. c3 b6 5. e3 Bb7 6. Nbd2 cxd4 7. exd4 d6 8. Bb5+ Nbd7 9. 0-0 a6 10. Ba4 b5 11. Bb3 Be7 12. Qe2 0-0 13. Rfe1 Re8 14. Ng5 Nf8 15. Ndf3 Bd5 16. Bc2 h6 17. Ne4 Bc4 18. Qd2 Nxe4 19. Bxe4 d5 20. Bc2 b4 21. cxb4 Qb6 22. a3 Nd7 23. Bxh6 gxh6 24. Qxh6 Nf8 25. Ng5 Bxg5 26. Qxg5+ Ng6 27. Bxg6 fxg6 28. Qxg6+ Kf8 29. Qf6+ Kg8 30. Re5 Qc7 31. Rg5+ Kh7 32. Qg6+ Kh8 33. Rh5+ 1-0

[Event "HUN-chT2 Barcza 0910"]
[Site "Hungary"]
[Date "2009.12.20"]
[Round "4.4"]
[White "Landenberger, Laszlo"]
[Black "Hidegh, Gabor"]
[Result "0-1"]
[WhiteElo "2024"]
[BlackElo "2143"]
[PlyCount "112"]
[EventDate "2009.11.08"]
[EventType "team-tourn"]
[EventRounds "11"]
[EventCountry "HUN"]
[SourceTitle "EXT 2011"]
[Source "ChessBase"]
[SourceDate "2010.11.26"]
[SourceVersion "1"]
[SourceVersionDate "2010.11.26"]
[SourceQuality "1"]
[WhiteTeam "Miskolc"]
[BlackTeam "DEAC"]
[WhiteTeamCountry "HUN"]
[BlackTeamCountry "HUN"]

1. Nf3 c5 2. e3 g6 3. d4 Bg7 4. b3 d6 5. Bb2 cxd4 6. Bxd4 Nf6 7. Nbd2 Nc6 8. Bb5 0-0 9. Bxc6 bxc6 10. Bxf6 Bxf6 11. Rb1 Qa5 12. a4 Ba6 13. c4 Rab8 14. 0-0 d5 15. Qc2 Rb4 16. Nd4 Bxd4 17. exd4 dxc4 18. Nxc4 Bxc4 19. bxc4 Qxa4 20. Qxa4 Rxa4 21. Ra1 Rxc4 22. Rxa7 e6 23. Rd7 Rb8 24. g4 Rb2 25. g5 Rd2 26. Ra1 Rdxd4 27. Rxd4 Rxd4 28. Rc1 Rg4+ 29. Kf1 Rxg5 30. Rxc6 Kg7 31. f3 Ra5 32. Kf2 g5 33. Kg3 Kg6 34. Rc8 h5 35. Rg8+ Kf5 36. h4 gxh4+ 37. Kxh4 Kf4 38. Rf8 Rf5 39. Ra8 Kxf3 40. Ra3+ Ke4 41. Ra4+ Ke5 42. Ra5+ Kf6 43. Ra4 Rf3 44. Kxh5 Kf5 45. Ra5+ e5 46. Kh4 Kf4 47. Ra7 f5 48. Ra1 e4 49. Ra4 Rf1 50. Kh3 Kf3 51. Kh2 e3 52. Ra3 f4 53. Rb3 Kf2 54. Rb4 f3 55. Rb2+ e2 56. Ra2 Rg1 0-1

[Event "HUN-chT2 Barcza 0708"]
[Site "Hungary"]
[Date "2008.05.18"]
[Round "11"]
[White "Kiraly, Gergely"]
[Black "Hidegh, Gabor"]
[Result "0-1"]
[WhiteElo "1970"]
[BlackElo "2136"]
[PlyCount "44"]
[EventDate "2007.10.14"]
[EventType "team"]
[EventRounds "11"]
[EventCountry "HUN"]
[SourceTitle "EXT 2009"]
[Source "ChessBase"]
[SourceDate "2008.11.26"]
[SourceVersion "1"]
[SourceVersionDate "2008.11.26"]
[SourceQuality "1"]
[WhiteTeam "Mezokovesd"]
[BlackTeam "DEAC"]
[WhiteTeamCountry "HUN"]
[BlackTeamCountry "HUN"]

1. e4 c5 2. Nf3 Nc6 3. d4 cxd4 4. Nxd4 Nf6 5. Nc3 e6 6. Be3 Bb4 7. f3 d5 8. Nxc6 bxc6 9. exd5 Nxd5 10. Qd4 e5 11. Qxe5+ Kf8 12. Bd2 f6 13. Qe4 Qa5 14. Qd3 Nxc3 15. Bxc3 Bf5 16. Bxb4+ Qxb4+ 17. c3 Re8+ 18. Kd1 Qxb2 19. Qd6+ Re7 20. Rc1 Ke8 21. Qxc6+ Rd7+ 22. Ke1 Qd2# 0-1